Statystyki dla 15 największych miast strefy czasowej UTC±00:00

Kliknij tutaj aby rozwiązać quiz!

Ogólne statystyki

  • Ten quiz został rozwiązany 24 razy
    (14 od ostatniego zresetowania)
  • Średni wynik to 4 z 15

Statystyki odpowiedzi

Liczba ludnośćiMiasto% Poprawnych
8 825 001Londyn
100%
1 137 123Birmingham
45%
2 396 800Dakar
36%
4 707 404Abidżan
27%
784 846Leeds
27%
2 200 000Wagadugu
27%
2 291 352Akra
18%
1 809 106Bamako
18%
772 873Freetown
18%
1 794 858Konakry
18%
1 021 762Monrovia
18%
719 167Nawakszut
18%
2 069 350Kumasi
9%
890 403Sala
0%
947 952Tanger
0%

Rozkład punktacji

Percentyl według liczby udzielonych odpowiedzi

Procent ludzi z każdym wynikiem

Twoja historia wyników

Nie rozwiązałeś tego quizu od ostatniego zresetowania